000 00298 a2200157 4500
001 168645
020 _a
040 _cMagnum
100 _aContos de Ouro
240 1 0 _aPinoquio
_lpor
245 1 0 _aPinoquio
362 0 _a1899
440 1 _aFTD
697 _aIJ/FADAS, FANTASIA
942 _cBK
999 _c168645
_d168645